|
|
|
|
| LEADER |
00000nam a22000007a 4500 |
| 005 |
20191014225941.0 |
| 007 |
cr|||| |||| |
| 008 |
191014s2017 br |||||s|||| 00||0 por d |
| 020 |
|
|
|a 978-85-69220-27-5
|
| 035 |
|
|
|a 30533
|
| 040 |
|
|
|a vLex
|
| 090 |
|
|
|c 9799
|d 9799
|
| 100 |
1 |
|
|a Machado Marinelli, Gabriel
|
| 245 |
1 |
0 |
|a Responsabilidade civil pr-̌contratual pela ruptura injustificada das negociaė̳s preliminares
|h [Recurso electrn̤ico] /
|c Gabriel Machado Marinelli
|
| 256 |
|
|
|a Servicio en ln̕ea
|
| 260 |
|
|
|a San Pablo:
|b Editora ContraCorrente,
|c 2017
|
| 300 |
|
|
|a 1 recurso electrn̤ico
|
| 506 |
1 |
|
|a Disponible solo en los productos indicados
|d vLex Global
|d vLex Global (Academic Edition, excluding Law Schools)
|d vLex Global (U.S. Academic Edition, Law Schools)
|d vLex Global (U.S. Academic Edition, excluding Law Schools)
|d vLex Global (Academic Edition, Law Schools)
|
| 650 |
0 |
4 |
|a Derecho Civil
|z Brasil
|
| 740 |
0 |
|
|a vLex Libros (Servicio en ln̕ea)
|
| 856 |
4 |
0 |
|u http://vlex.com/source/responsabilidade-civil-pre-contratual-ruptura-injustificada-negocia-es-preliminares-30533
|z Acceso restringido
|
| 942 |
|
|
|c BOOK
|
| 999 |
0 |
|
|a Civil Law
|